European Union Countries with an Empty Map - Statistics

General Stats
  • This quiz has been taken 6,206 times
    4,776 since last reset
  • The average score is 26 of 27
Answers on the Map
Answers color-coded by a green-red scale on the quiz's map according to % correct below.
 
Answer Stats
Country % Correct
France
99%
Germany
98%
Italy
98%
Spain
98%
Austria
97%
Finland
97%
Poland
97%
Portugal
97%
Sweden
97%
Belgium
96%
Croatia
95%
Estonia
95%
Greece
95%
Hungary
95%
Latvia
95%
Netherlands
95%
Slovakia
95%
Bulgaria
94%
Czech Republic
94%
Lithuania
94%
Luxembourg
94%
Romania
94%
Slovenia
94%
Denmark
93%
Ireland
91%
Malta
86%
Cyprus
77%
No matching quizzes found
Score Distribution
Percent of People with Each Score
Percentile by Number Answered
Your Score History
You have not taken this quiz since the last reset